000 00343nam a2200145Ia 4500
008 230917s9999||||xx |||||||||||||| ||und||
040 _e124163
_aMAIN
041 _aEnglish
082 _a801.95 A46A
100 _aHeath, Malcolm
245 0 _aAristotle poetics
260 _aNew York
_bPenguin Books
_c1996
300 _a61 p.
942 _cBK
999 _c145455
_d145455